01346nam a22003371a 4500001000800000005001700008008004100025010001300066020001500079020001500094035002100109040001800130050001300148050002400161082002700185100002100212245011300233250001200346260002800358300005800386500002000444504003200464590013700496650003300633650005200666700001800718906004500736991005900781999001700840952015100857288319420110718132434.0860305s1985 enkam b 001 0 eng  a86126567 a0340586451 a0340586451 9(DLC) 86126567 aDLCcDLCdDLC00aRYH 911500aPE1074.7b.T78 198500aPE 1074.7.T78 19822191 aTrudgill, Peter.10aInternational English :ba guide to varieties of standard English /cPeter Trudgill and Jean Hannah.h[Text] a2nd ed. aLondonbE. Arnoldc1985 axv,130 p. : ill. ; 22 cm. + 1 sound cassette (analog) aIncludes index. aBibliography: p. [117]-120. aAccompanying sound recording shelved in the Recorded Sound Section of the Motion Picture, Broadcasting, and Recorded Sound Division. 0aCommunication, International 0aEnglish languagexVariationzForeign countries.1 aHannah, Jean. a7bcbccorignewd2encipf19gy-gencatlg bc-MusichPE1074.7i.T78 1985tCopy 1mPhon CasewBOOKS c37264d37264 00102lcc40708GENaCPLbCPLcGENd2010-03-15eD.g18.60l1oPE 1074.7.T78 1982pR22459J3232r2022-11-24 00:00:00s2022-11-03t1w2010-03-15yBK